Sanat: Nyt reppuni jupiset riimisi rupiset, Eppu Normaali - Statistics

Yleistilastot
  • Tätä visaa on pelattu 104 kertaa
  • Keskiarvotulos 134 / 200
Vastaustilastot
Vastaus % Oikein
Nyt
100%
nyt
100%
jupiset
98%
reppu
98%
riimisi
98%
rupiset
98%
katkon
96%
nyörit
96%
sinulta
96%
ja
93%
tai
89%
saa
87%
Et
82%
et
82%
Ei
78%
jaloissa
78%
juttus
78%
karmeat
78%
sitä
78%
Sitä
78%
korvaani
76%
pyörit
76%
sanaakaan
76%
turhaan
76%
jättää
71%
Kotona
71%
kotona
71%
kaunistakaan
69%
supiset
69%
pois
67%
Vain
67%
reppuni
62%
Voi
60%
juttusi
58%
mitä
58%
mua
58%
väsynyttä
58%
jää
56%
on
56%
rellestäjää
56%
kotiini
53%
kun
53%
musta
53%
repussa
53%
tulla?
53%
menneistä
51%
mulla
51%
oon
51%
Osaanko
51%
pellestä
51%
penneistä
51%
Tarinaa
51%
tarinoita
51%
kertomaan
49%
markoista
49%
juonut
47%
karhuviinaa
47%
karmeita
47%
Maailmalle
47%
kahvia
44%
kulkenut
44%
laulamaan
44%
missä
44%
Palaa
44%
Paljon
44%
panen
44%
tuo
44%
istun
42%
kasva
42%
ruoho
42%
alas
40%
mielen
40%
mieleni
40%
monta
40%
muistan
40%
Sinne
40%
sulkenut
40%
surua
40%
syliin
40%
takaisin
40%
tuonut
40%
uhosin
40%
edes
38%
enää
38%
luo
38%
Tyttöä
38%
kääntelen
36%
menneisiin
36%
laulan
33%
makaisin
33%
takas
33%
ukkona
33%
vasta
33%
kotikorjaamon
31%
lauluni
31%
palaan
31%
revi
31%
teille
31%
vaihteeseen
31%
Viimein
31%
ruosteiseen
29%
samaan
29%
Takerrun
29%
Taittamaan
27%
taivalta
24%
uudestaan
24%
Ratapihalla
22%
Ehtoja vastaavia visoja ei löytynyt
Tulosjakauma
Jokaisen tuloksen saaneiden osuus
Persentiili vastausten määrän mukaan
Tuloshistoriasi
Et ole pelannut tätä visaa